| 000 | 00592nam a2200205 a 4500 | ||
|---|---|---|---|
| 005 | 20240925070123.0 | ||
| 008 | 991125s1983 mad 000 0 spa u | ||
| 020 | _a842050971X | ||
| 035 | _aUPN01000049259 | ||
| 049 | _aCG | ||
| 050 | 4 |
_aBF575 A3 _bV3.68 |
|
| 100 | 1 | _aValzelli, L. | |
| 245 | 1 | 0 |
_aPsicobiología de la agresión y la violencia / _cL. Valzelli ; tr. J. Fernández Zubica. |
| 260 |
_aMadrid : _bAlhambra, _c1983. |
||
| 300 |
_a245 p. : _bil. |
||
| 440 | 0 | _aAlhambra universidad | |
| 650 | 4 |
_aAgresividad (Psicología) _92250 |
|
| 650 | 4 |
_aViolencia _97151 |
|
| 905 | _aLibro | ||
| 999 |
_c49259 _d49259 |
||